000 005210000a22001810004500
001 003667
003 MACL
005 20150908162739.0
008 150908b xxu||||| |||| 00| 0 eng d
040 _aMACL
_cMACL
041 _aEnglish
082 _a820/MUR
100 _aMurty, K. Satchidananda
_94854
245 _aThe Divine Peacock
_bUnderstanding Contemporary India
_cK. Satchidananda Murty
260 _aDelhi
_c1994
_bIndian Council of Social Science Research,
650 _aLiterature
_99384
942 _k820
_cBK
_2ddc
999 _c15564
_d15564